Quiz sur Rennes Métropole - Statistiques

Statistiques générales
  • Ce quiz a été pris 95 fois
    4 depuis la dernière actualisation
  • Le résultat moyen est 7 sur 20
Statistiques - réponses
Question Réponse % Correct
Quel est le statut de Rennes Métropole ? Établissement public de coopération intercommunale (EPCI)
75%
Quelle est la commune centre de Rennes Métropole ? Rennes
75%
Comment est qualifié la dynamique démographique de Rennes Métropole ? Croissance soutenue
50%
Quelle grande infrastructure a renforcé l'accessibilité de Rennes en 2017 ? LGV Paris-Rennes
50%
Quelle infrastructure lourde relève de la compétence métropolitaine ? Métro de Rennes
50%
Rennes Métropole est Autorité organisatrices des : mobilités
50%
Quel enjeu majeur est cité pour la Métropole dans les années 2020 ? Mobilités du quotidien
50%
Qui préside actuellement Rennes Métropole ? (en 2026) Nathalie Appéré
50%
Quel réseau de transports collectifs est organisé par Rennes Métropole ? STAR
50%
Combien d'élus siègent au Conseil métropolitain ? 111
25%
Combien de vice-résidents ou membres du bureau assurent l'exécutif ? 20
25%
Quelle part de la population d'Ille-et-Vilaine représente Rennes Métropole ? 40 %
25%
Combien de communes compte Rennes Métropole ? 43
25%
Quelle est la surface approximative de Rennes Métropole ? 700 km²
25%
Quel outil de participation citoyenne est mentionnée pour Rennes Métropole ? Assemblée citoyenne
25%
Quel article du CGCT définit la "métropole" comme EPCI ? L 5217-1
25%
Quelle thématique fait explicitement partie des compétences élargies de la Métropole ? Transition énergétique
25%
Depuis quelle année Rennes est-elle officiellement un "métropole" au sens du Code général des Collectivités Territoriales (CGCT) ? 2015
0%
Combien d'habitants compte Rennes Métropole en 2025 ? 474 000
0%
Quel document pilote la politique de l'habitat à l'échelle métropolitaine ? PLH
0%
Aucun quiz correspondant
Distribution des résultats
% des personnes avec chaque résultat
Percentile par nombre de réponses
Votre historique - résultats
Vous n’avez pas pris ce quiz depuis la dernière actualisation